Technika pro zdraví

Keď sa štandardná medicína dostane na hranicu svojich možností a sériovo vyrábané endoprotézy prestanú stačiť, nastupuje inžinierska precíznosť. Kladenská spoločnosť ProSpon nepredáva len implantáty, ale vyvíja mobilitu a návrat do života tam, kde by jedinou alternatívou bola amputácia. Ich individu...

Ausführliche Beschreibung

Gespeichert in:
Bibliographische Detailangaben
1. Verfasser: Janišová, Hana
Format: Buchkapitel
Sprache:Tschechisch
Schlagworte:
Tags: Tag hinzufügen
Keine Tags, Fügen Sie das erste Tag hinzu!

MARC

LEADER 00000naa a2200000 4500
001 0315111
005 20260224092100.7
041 0 |a cze 
044 |a CZ 
245 1 0 |a Technika pro zdraví  |c Hana Janišová 
520 |a Keď sa štandardná medicína dostane na hranicu svojich možností a sériovo vyrábané endoprotézy prestanú stačiť, nastupuje inžinierska precíznosť. Kladenská spoločnosť ProSpon nepredáva len implantáty, ale vyvíja mobilitu a návrat do života tam, kde by jedinou alternatívou bola amputácia. Ich individuálne náhrady "tlačené" z titánového prášku a chránené vrstvou s tvrdosťou diamantu, predstavujú vrchol súčasnej onkoortopédie. 
610 2 0 |a zdravie 
610 2 0 |a medicína 
610 2 0 |a pacienti 
610 2 0 |a technológie nové 
610 2 0 |a výrobky strojárske 
100 1 |a Janišová, Hana